[Event "Online Olym Top DivD 2020"]
[Site "chess.com INT"]
[Date "2020.08.21"]
[Round "3.2"]
[Board "6"]
[White "Grimaldi, Angela Flavia"]
[Black "Wang, Annie"]
[Result "0-1"]
[BlackTitle "IM"]
[WhiteElo "2070"]
[BlackElo "2384"]
[WhiteTeam "Italy"]
[BlackTeam "United States of America"]
[WhiteFideId "2805214"]
[BlackFideId "2053900"]
[EventDate "2020.08.21"]
[EventType "team"]

1. e4 c5 2. Nf3 d6 3. Bb5+ Nd7 4. c3 Nf6 5. Qe2 a6 6. Ba4 b5 7. Bc2 Bb7 8. d4 g6
9. O-O Bg7 10. Re1 Qb6 11. Nbd2 O-O 12. e5 dxe5 13. Nxe5 cxd4 14. Nxd7 Nxd7 15.
cxd4 Bxd4 16. Nb3 Bf6 17. Be3 Qe6 18. Rad1 Rfd8 19. Bb1 Rac8 20. f4 Ba8 21. Qf2
Qc6 22. Bd4 Bxd4 23. Nxd4 Qf6 24. Qe3 e6 25. b3 Nb6 26. Be4 Nd5 27. Bxd5 Rxd5
28. Nf3 Rc3 29. Qb6 Rxd1 30. Rxd1 Bxf3 31. Qd8+ Kg7 32. Qxf6+ Kxf6 33. gxf3 Rc2
34. a3 Ra2 35. Rd6 Rxa3 36. b4 Ra4 37. Kf2 Rxb4 38. Rxa6 Rxf4 39. Rb6 Rb4 40.
Rb7 h5 41. Ke3 e5 42. h3 Ke6 43. Kd3 f6 44. Rb6+ Kf5 45. Ke3 Rb3+ 46. Kf2 h4 47.
Ke2 g5 48. Kf2 b4 49. Kg2 Rb2+ 50. Kf1 b3 51. Kg1 Kf4 52. Rxf6+ Kg3 53. Kf1 Rh2
54. Rf5 b2 55. Rxg5+ Kxf3 56. Rf5+ Ke4 0-1

[Event "Online Olym Top DivD 2020"]
[Site "chess.com INT"]
[Date "2020.08.21"]
[Round "3.3"]
[Board "1"]
[White "Pichot, Alan"]
[Black "Delgado Ramirez, Neuris"]
[Result "1/2-1/2"]
[WhiteTitle "GM"]
[BlackTitle "GM"]
[WhiteElo "2630"]
[BlackElo "2621"]
[WhiteTeam "Argentina"]
[BlackTeam "Paraguay"]
[WhiteFideId "110973"]
[BlackFideId "3503631"]
[EventDate "2020.08.21"]
[EventType "team"]

1. e4 c5 2. Nf3 d6 3. d4 cxd4 4. Qxd4 Nf6 5. Be2 Nc6 6. Qe3 g6 7. h3 Bg7 8. O-O
O-O 9. Rd1 Nd7 10. c4 b6 11. Nc3 Bb7 12. Rb1 Nc5 13. b4 Nd7 14. a3 Rc8 15. Bb2
Nce5 16. Nd2 Nc6 17. Nd5 Bxb2 18. Rxb2 e6 19. Nc3 Qe7 20. Nb3 Nf6 21. Rbd2 Rfd8
22. Nb5 Ne8 23. Qf4 a5 24. Nxd6 Nxd6 25. Rxd6 axb4 26. axb4 Nxb4 27. Rxb6 Rxd1+
28. Bxd1 Nd3 29. Qe3 Ne5 30. Be2 Nxc4 31. Bxc4 Rxc4 32. Na5 Rc7 33. Rxb7 Rxb7
34. Nxb7 Qxb7 35. g3 1/2-1/2

[Event "Online Olym Top DivD 2020"]
[Site "chess.com INT"]
[Date "2020.08.21"]
[Round "3.3"]
[Board "3"]
[White "Campos, Maria Jose"]
[Black "Perez Rodriguez, Jennifer"]
[Result "0-1"]
[WhiteTitle "WFM"]
[BlackTitle "WIM"]
[WhiteElo "2112"]
[BlackElo "2251"]
[WhiteTeam "Argentina"]
[BlackTeam "Paraguay"]
[WhiteFideId "146803"]
[BlackFideId "3507831"]
[EventDate "2020.08.21"]
[EventType "team"]

1. c4 e6 2. g3 Nf6 3. Bg2 d5 4. Nf3 Be7 5. O-O O-O 6. b3 d4 7. Bb2 c5 8. e3 Nc6
9. exd4 cxd4 10. Re1 Re8 11. d3 Bc5 12. Ne5 Nxe5 13. Rxe5 Nd7 14. Re1 e5 15. a3
a5 16. Nd2 Nf6 17. Rb1 Qd6 18. Ra1 Qc7 19. Ne4 Nxe4 20. Bxe4 Bd7 21. Qh5 g6 22.
Qf3 Bc6 23. Bc1 Bxe4 24. Qxe4 b6 25. Bd2 Qd6 26. a4 Qd7 27. h4 h5 28. Qf3 Qf5
29. Kg2 Kg7 30. Re2 Rad8 31. Rae1 Qxf3+ 32. Kxf3 f6 33. Kg2 Kf7 34. f4 Bd6 35.
fxe5 Rxe5 36. Rxe5 Bxe5 37. Kf3 Ke6 38. Bf4 Kf5 39. Re4 Rd6 40. Bd2 Rd7 41. Be1
Rg7 42. Bf2 Rd7 43. Bg1 Rd8 44. Bf2 Rd7 45. Bg1 g5 46. hxg5 fxg5 47. g4+ hxg4+
48. Rxg4 Rh7 49. Re4 Rh3+ 50. Ke2 Rh4 51. Kf3 g4+ 52. Kg2 Rh3 53. Bxd4 Rh2+ 54.
Kg1 Bg3 55. Bxb6 Rd2 56. Re8 Rxd3 57. Rf8+ Ke4 58. Re8+ Kf3 59. Rf8+ Bf4 60.
Rxf4+ Kxf4 61. Bxa5 Rxb3 62. c5 Kg3 63. Bc7+ Kf3 64. a5 g3 0-1

[Event "Online Olym Top DivD 2020"]
[Site "chess.com INT"]
[Date "2020.08.21"]
[Round "3.3"]
[Board "4"]
[White "Vargas, Gabriela"]
[Black "Francisco Guecamburu, Candela Be"]
[Result "0-1"]
[WhiteTitle "WIM"]
[BlackTitle "WFM"]
[WhiteElo "2170"]
[BlackElo "2034"]
[WhiteTeam "Paraguay"]
[BlackTeam "Argentina"]
[WhiteFideId "3700860"]
[BlackFideId "160911"]
[EventDate "2020.08.21"]
[EventType "team"]

1. d4 d5 2. Nf3 Nf6 3. c3 e6 4. Bg5 Nbd7 5. Nbd2 Be7 6. e3 c6 7. Bd3 b6 8. O-O
Bb7 9. Ne5 Nxe5 10. dxe5 Nd7 11. Bxe7 Qxe7 12. f4 O-O-O 13. b4 f6 14. exf6 gxf6
15. Qe2 e5 16. fxe5 fxe5 17. Bf5 Kb8 18. Qh5 Nf6 19. Qh4 Rdf8 20. Rae1 Qd6 21.
Bh3 Bc8 22. Bxc8 Kxc8 23. Rf2 Nd7 24. Ref1 Rxf2 25. Rxf2 Qg6 26. Qe7 Re8 27. Qf7
Kd8 28. Qxg6 hxg6 29. Nf3 Ke7 30. Nh4 Rg8 31. Nf3 Rf8 32. Nh4 Rxf2 33. Kxf2 Kf6
34. Nf3 c5 35. a3 a5 36. bxa5 bxa5 37. Nd2 e4 38. Nb3 a4 39. Na5 Ke5 40. g4 Kd6
41. c4 d4 42. exd4 cxd4 43. c5+ Kxc5 44. Nb7+ Kc4 45. Nd6+ Kd3 46. h4 Ne5 47. g5
e3+ 48. Kg3 e2 0-1

[Event "Online Olym Top DivD 2020"]
[Site "chess.com INT"]
[Date "2020.08.21"]
[Round "3.3"]
[Board "5"]
[White "Kapitanchuk, Tomas"]
[Black "Heinechen, Juan"]
[Result "1/2-1/2"]
[WhiteTitle "FM"]
[WhiteElo "2320"]
[BlackElo "2146"]
[WhiteTeam "Argentina"]
[BlackTeam "Paraguay"]
[WhiteFideId "135046"]
[BlackFideId "3701018"]
[EventDate "2020.08.21"]
[EventType "team"]

1. e4 c5 2. Nf3 Nc6 3. Bb5 d6 4. O-O Bd7 5. Re1 Nf6 6. c3 a6 7. Bc4 b5 8. Bf1
Bg4 9. a4 b4 10. d4 e6 11. dxc5 dxc5 12. Qxd8+ Nxd8 13. Ne5 Bh5 14. Nd2 Bg6 15.
f3 Be7 16. Ndc4 O-O 17. Nb6 Ra7 18. Nc8 Rc7 19. Nxe7+ Rxe7 20. Be3 Rc7 21. Bxa6
bxc3 22. bxc3 Nc6 23. Nxg6 hxg6 24. Bxc5 Ra8 25. Bb5 Na7 26. Bxa7 Raxa7 27. c4
Nd7 28. a5 Ne5 29. a6 Nd3 30. Red1 Nc5 31. Rd8+ Kh7 32. Ra3 g5 33. Kf2 Kg6 34.
Ke3 Kf6 35. g3 Nb7 36. Rd2 Nc5 37. f4 gxf4+ 38. gxf4 g5 39. Rd6 Ke7 40. e5 f6
41. fxg5 fxe5 42. Rd1 Kf7 43. Rf1+ Kg7 44. h4 Nb7 45. Rd3 Nc5 46. Rd6 Ra8 47. h5
Rh8 48. Rh1 Ra8 49. Rhd1 Raa7 50. Rd8 Nxa6 51. Ke4 Nc5+ 52. Kxe5 Ra3 53. Kd6
Raa7 54. h6+ Kg6 55. Rg8+ Kh7 56. Rg7+ Rxg7 57. hxg7 Ne4+ 58. Ke5 Nxg5 59. Rd7
Rxd7 60. Bxd7 Kxg7 61. Bxe6 Kf8 62. Kd6 Ke8 63. Bf5 Kd8 64. c5 Nf7+ 65. Ke6 Ng5+
66. Kd6 Nf7+ 67. Kd5 Kc7 68. Bg6 Nd8 69. Be8 Nb7 70. c6 Nd8 71. Bd7 Nxc6 1/2-1/2

[Event "Online Olym Top DivD 2020"]
[Site "chess.com INT"]
[Date "2020.08.21"]
[Round "3.3"]
[Board "6"]
[White "Montiel Caceres, Helen"]
[Black "Borda Rodas, Anapaola S."]
[Result "0-1"]
[BlackTitle "WFM"]
[WhiteElo "1599"]
[BlackElo "2138"]
[WhiteTeam "Paraguay"]
[BlackTeam "Argentina"]
[WhiteFideId "3707121"]
[BlackFideId "152781"]
[EventDate "2020.08.21"]
[EventType "team"]

1. d4 Nf6 2. c4 g6 3. Nc3 d5 4. cxd5 Nxd5 5. e4 Nxc3 6. bxc3 Bg7 7. Nf3 c5 8.
Be2 Nc6 9. Rb1 cxd4 10. cxd4 Nxd4 11. Nxd4 Qxd4 12. O-O O-O 13. Qxd4 Bxd4 14.
Bf4 b6 15. Rfd1 Bg7 16. Bc4 Bb7 17. f3 Rfd8 18. Be3 Rac8 19. Bb3 h5 20. h3 Be5
21. Bg5 Bd4+ 22. Kh1 Bc5 23. Bf4 Bc6 24. g4 hxg4 25. hxg4 Kg7 26. Kg2 Rh8 27.
Rh1 Rcd8 28. Rbd1 Rxd1 29. Rxd1 a5 30. Bc4 Rc8 31. Ba6 Re8 32. Bc4 e5 33. Bg3
Bd4 34. Rb1 Rc8 35. Bd3 Bd7 36. Be1 Be6 37. a4 Ba2 38. Rb5 Rc1 0-1

[Event "Online Olym Top DivD 2020"]
[Site "chess.com INT"]
[Date "2020.08.21"]
[Round "3.4"]
[Board "1"]
[White "Wojtaszek, Radoslaw"]
[Black "Banikas, Hristos"]
[Result "0-1"]
[WhiteTitle "GM"]
[BlackTitle "GM"]
[WhiteElo "2717"]
[BlackElo "2601"]
[WhiteTeam "Poland"]
[BlackTeam "Greece"]
[WhiteFideId "1118358"]
[BlackFideId "4202031"]
[EventDate "2020.08.21"]
[EventType "team"]

1. c4 Nf6 2. Nc3 e5 3. Nf3 Nc6 4. a3 d6 5. e3 g6 6. b4 Bg7 7. Bb2 O-O 8. d3 e4
9. dxe4 Nxe4 10. Qc2 Nxc3 11. Bxc3 Bf5 12. Qb2 Bxc3+ 13. Qxc3 Be4 14. Nd2 Qe7
15. b5 Nb8 16. Qd4 Bf5 17. Be2 Nd7 18. Nb3 a5 19. O-O a4 20. Nd2 Nc5 21. Rad1
Bc2 22. Rde1 Rae8 23. Nf3 Be4 24. Qc3 Bxf3 25. Bxf3 Qe5 26. Qc2 Re7 27. Rd1 f5
28. g3 Kg7 29. h4 h6 30. Rd5 Qf6 31. Kg2 Re5 32. Rd4 b6 33. Bd5 Nb3 34. Rf4 g5
35. hxg5 hxg5 36. Rf3 Rh8 37. Rh1 Rxh1 38. Kxh1 Nd4 39. Qd1 Nxf3 40. Qxf3 f4 41.
exf4 gxf4 42. Qg4+ Kh6 43. Kg2 fxg3 44. fxg3 Qg5 45. Qd4 Qe3 46. Qh4+ Kg7 47.
Qg4+ Qg5 48. Qd4 Kf6 49. Bf3 Ke7 50. Qd3 Qg7 51. Qd2 Rg5 52. Qf4 Qb2+ 53. Kh3
Qe5 54. Qh4 Qf6 55. Kg2 Rg7 56. Qe4+ Qe5 57. Qh4+ Rg5 58. Qh7+ Qg7 59. Qh4 Kd8
60. Qf4 Rg6 61. Qh4+ Qf6 62. Qh7 Qb2+ 63. Kh3 Qg7 64. Qh4+ Qf6 65. Qe4 Qe6+ 0-1

[Event "Online Olym Top DivD 2020"]
[Site "chess.com INT"]
[Date "2020.08.21"]
[Round "3.4"]
[Board "2"]
[White "Pavlidis, Antonios"]
[Black "Bartel, Mateusz"]
[Result "1/2-1/2"]
[WhiteTitle "GM"]
[BlackTitle "GM"]
[WhiteElo "2543"]
[BlackElo "2643"]
[WhiteTeam "Greece"]
[BlackTeam "Poland"]
[WhiteFideId "4212312"]
[BlackFideId "1112635"]
[EventDate "2020.08.21"]
[EventType "team"]

1. e4 e6 2. d4 d5 3. Nd2 Be7 4. Bd3 c5 5. dxc5 Nf6 6. Qe2 O-O 7. Ngf3 a5 8. O-O
Na6 9. e5 Nd7 10. c4 Ndxc5 11. Bb1 d4 12. Rd1 d3 13. Qe3 Bd7 14. Nb3 Ba4 15.
Bxd3 Nxd3 16. Rxd3 Qc7 17. Bd2 Nc5 18. Nxc5 Bxc5 19. Qe4 Bc2 20. Ng5 Bxd3 21.
Qxd3 g6 22. Ne4 Rfd8 23. Nf6+ Kg7 24. Qe2 Rxd2 25. Qxd2 Qxe5 26. Ng4 Qd4 27.
Qh6+ Kh8 28. Qg5 h5 29. Ne3 b6 30. Rb1 Kg7 31. h3 Qf6 32. Qxf6+ Kxf6 33. Rd1 Ke7
34. Kf1 a4 35. Ke2 f5 36. Nc2 g5 37. f3 Rg8 38. b3 g4 39. hxg4 hxg4 40. Ne1 Bd6
41. bxa4 gxf3+ 42. gxf3 Ra8 43. Rb1 Bc5 44. Nd3 Rxa4 45. Ne5 Rxa2+ 46. Kd3 Ra3+
47. Kd2 Kd6 48. Nf7+ Ke7 49. Ne5 Kf6 50. Nd7+ Kg5 51. Nxb6 Kf4 52. Nd7 Be3+ 53.
Kc2 Kxf3 54. c5 Ra7 55. c6 Rc7 56. Kd3 Bf4 57. Rb6 e5 58. Nc5 e4+ 59. Kc4 e3 60.
Ne6 e2 61. Nd4+ Ke3 62. Rb3+ Ke4 63. Nxe2 Rxc6+ 64. Kb5 Rc8 65. Rb4+ Ke3 66.
Nxf4 Rb8+ 67. Kc5 Rxb4 68. Nd5+ Ke4 69. Nxb4 f4 70. Kc4 f3 71. Nd3 Ke3 72. Kc3
f2 73. Nxf2 1/2-1/2

[Event "Online Olym Top DivD 2020"]
[Site "chess.com INT"]
[Date "2020.08.21"]
[Round "3.4"]
[Board "3"]
[White "Zawadzka, Jolanta"]
[Black "Tsolakidou, Stavroula"]
[Result "0-1"]
[WhiteTitle "WGM"]
[BlackTitle "IM"]
[WhiteElo "2419"]
[BlackElo "2391"]
[WhiteTeam "Poland"]
[BlackTeam "Greece"]
[WhiteFideId "1122320"]
[BlackFideId "4264312"]
[EventDate "2020.08.21"]
[EventType "team"]

1. e4 c5 2. Nf3 d6 3. d4 cxd4 4. Nxd4 Nf6 5. Nc3 a6 6. Be2 e5 7. Nb3 Be7 8. O-O
O-O 9. Re1 Be6 10. Bf3 Nbd7 11. a4 Rc8 12. Be3 Qc7 13. a5 Rfe8 14. h3 h6 15. Nd2
Bf8 16. Nf1 d5 17. exd5 Bf5 18. Ng3 Bg6 19. Qd2 Bb4 20. d6 Bxd6 21. Bxb7 Qxb7
22. Qxd6 Qxb2 23. Na4 Qxc2 24. Qxa6 Ra8 25. Qb5 Bd3 26. Qb4 Nd5 27. Qd6 Nxe3 28.
Rxe3 Bb5 29. Rc3 Qh7 30. Nc5 Nxc5 31. Rxc5 Qd3 32. Qxd3 Bxd3 33. Rc3 e4 34. Nf5
Re5 35. Nd6 Rd5 36. Rc8+ Rxc8 37. Nxc8 Rc5 38. Nd6 Rc6 39. Nf5 Rc5 40. Ne3 Ba6
41. Kh2 f5 42. g3 g5 43. Ra4 Kh7 44. Kg2 f4 45. gxf4 gxf4 46. Ng4 Kg7 47. h4 h5
48. Nh2 Rc2 49. Kg1 e3 50. fxe3 fxe3 51. Re4 e2 52. Kf2 Rc1 53. Nf3 Rf1+ 54. Kg3
Rxf3+ 55. Kxf3 Bb7 56. Kxe2 Bxe4 57. Ke3 Ba8 58. Kf4 Kf6 59. Ke3 Kf5 60. Kf2 Kg4
61. Kg1 Kxh4 62. Kh2 Kg4 63. a6 h4 64. a7 h3 65. Kg1 Kg3 66. Kf1 h2 0-1

[Event "Online Olym Top DivD 2020"]
[Site "chess.com INT"]
[Date "2020.08.21"]
[Round "3.4"]
[Board "4"]
[White "Markantonaki, Haritomeni"]
[Black "Cyfka, Karina"]
[Result "0-1"]
[WhiteTitle "WFM"]
[BlackTitle "IM"]
[WhiteElo "2185"]
[BlackElo "2411"]
[WhiteTeam "Greece"]
[BlackTeam "Poland"]
[WhiteFideId "4207050"]
[BlackFideId "1122681"]
[EventDate "2020.08.21"]
[EventType "team"]

1. e4 e5 2. Nf3 Nc6 3. Bb5 a6 4. Ba4 Nf6 5. O-O b5 6. Bb3 Bc5 7. c3 d6 8. d4 Bb6
9. a4 Bg4 10. Be3 O-O 11. h3 Bxf3 12. gxf3 Nh5 13. axb5 axb5 14. Rxa8 Qxa8 15.
Bd5 Qe8 16. Bxc6 Qxc6 17. d5 Qd7 18. Kh2 f5 19. Na3 Bxe3 20. fxe3 f4 21. Nc2 Rf6
22. Rg1 Ng3 23. exf4 exf4 24. Qd2 Rh6 25. Qg2 Rg6 26. Qd2 Rh6 27. Qg2 c5 28.
dxc6 Qxc6 29. Nd4 Qe8 30. Ne2 Nh5 31. Qg4 Rg6 32. Qf5 Rf6 33. Qd5+ Kh8 34. Ra1
Rf8 35. Qxd6 h6 36. Ra7 Rf6 37. Qd5 Rf8 38. Rb7 Qg6 39. Qd4 Ng3 40. Qg1 Rd8 41.
Nxf4 Rd2+ 42. Ng2 Nh5 43. Kh1 Qg3 44. Nf4 Qxf3+ 0-1

[Event "Online Olym Top DivD 2020"]
[Site "chess.com INT"]
[Date "2020.08.21"]
[Round "3.4"]
[Board "5"]
[White "Gumularz, Szymon"]
[Black "Theodorou, Nikolas"]
[Result "0-1"]
[WhiteTitle "IM"]
[BlackTitle "IM"]
[WhiteElo "2506"]
[BlackElo "2554"]
[WhiteTeam "Poland"]
[BlackTeam "Greece"]
[WhiteFideId "1188062"]
[BlackFideId "4262875"]
[EventDate "2020.08.21"]
[EventType "team"]

1. d4 Nf6 2. c4 g6 3. Nc3 Bg7 4. e4 d6 5. f3 O-O 6. Be3 c5 7. Nge2 Nc6 8. d5 Ne5
9. Ng3 e6 10. Be2 exd5 11. cxd5 a6 12. a4 Bd7 13. O-O b5 14. Qd2 bxa4 15. h3 Bb5
16. f4 Nc4 17. Bxc4 Bxc4 18. Rf2 Rb8 19. f5 Nd7 20. Bh6 Bd4 21. Bxf8 Qxf8 22.
Rxa4 Ne5 23. Kh2 Bxf2 24. Qxf2 Qh6 25. Qe1 Rxb2 26. Kg1 Qxh3 27. Nce2 Qh4 28.
Rxc4 Nxc4 29. Qc3 Rb1+ 30. Kf2 Ne5 0-1

[Event "Online Olym Top DivD 2020"]
[Site "chess.com INT"]
[Date "2020.08.21"]
[Round "3.4"]
[Board "6"]
[White "Avramidou, Anastasia"]
[Black "Sliwicka, Alicja"]
[Result "0-1"]
[WhiteTitle "FM"]
[BlackTitle "WIM"]
[WhiteElo "2267"]
[BlackElo "2317"]
[WhiteTeam "Greece"]
[BlackTeam "Poland"]
[WhiteFideId "4239873"]
[BlackFideId "1150677"]
[EventDate "2020.08.21"]
[EventType "team"]

1. d4 Nf6 2. c4 c5 3. d5 b5 4. cxb5 a6 5. bxa6 g6 6. Nc3 Bg7 7. Nf3 O-O 8. e4
Qa5 9. Bd3 Nxd5 10. exd5 Bxc3+ 11. bxc3 Qxc3+ 12. Qd2 Qxa1 13. O-O Qg7 14. Bb2
f6 15. d6 e6 16. g4 g5 17. h4 Bxa6 18. hxg5 Bxd3 19. Qxd3 Ra4 20. Rc1 Rxg4+ 21.
Kf1 Nc6 22. Bxf6 Rxf6 23. gxf6 Qxf6 24. Qe3 Rf4 25. Ng1 c4 26. Ne2 Rf3 27. Qc5
Ne5 28. Qd4 Nd3 29. Qg4+ Kf8 30. Rxc4 Rxf2+ 31. Kg1 Rf1+ 32. Kh2 Qf2+ 33. Qg2
Qxg2+ 34. Kxg2 Rf2+ 35. Kg3 Rxe2 36. Rc8+ Kf7 37. Rh8 Re3+ 38. Kg2 Kg7 39. Ra8
Ne5 40. a4 Nc6 41. a5 Ra3 42. a6 h5 43. Kf2 h4 44. Kg2 h3+ 45. Kh2 Kf6 46. Rh8
Ke5 47. a7 Nxa7 48. Ra8 Kxd6 0-1

[Event "Online Olym Top DivD 2020"]
[Site "chess.com INT"]
[Date "2020.08.21"]
[Round "3.5"]
[Board "4"]
[White "Zhou, Qiyu"]
[Black "Chumpitaz, Ann"]
[Result "0-1"]
[WhiteTitle "FM"]
[BlackTitle "WIM"]
[WhiteElo "2229"]
[BlackElo "2244"]
[WhiteTeam "Canada"]
[BlackTeam "Peru"]
[WhiteFideId "505161"]
[BlackFideId "3804178"]
[EventDate "2020.08.21"]
[EventType "team"]

1. e4 c5 2. Nf3 e6 3. d4 cxd4 4. Nxd4 Nc6 5. Nc3 Qc7 6. Be3 Nf6 7. a3 a6 8. Be2
Be7 9. O-O O-O 10. Kh1 d6 11. f4 Nxd4 12. Bxd4 e5 13. Be3 Be6 14. Qe1 Bc4 15.
Rf3 Rac8 16. Rg3 Kh8 17. Rh3 Bxe2 18. Qxe2 Qc4 19. Qf3 b5 20. f5 b4 21. axb4
Qxb4 22. Nd5 Nxd5 23. exd5 Rc4 24. b3 Rh4 25. Rxh4 Bxh4 26. g3 Bf6 27. Rxa6 Rc8
28. Rc6 Ra8 29. Kg2 h6 30. Kh3 Kh7 31. Rc4 Qe1 32. Qf2 Qd1 33. g4 Qxd5 34. Qg2
Qxg2+ 35. Kxg2 d5 36. Rc7 Ra2 37. Kf1 d4 38. Bf2 e4 39. h3 Be5 40. Rc4 e3 41.
Be1 f6 42. Ke2 h5 43. Kd3 hxg4 44. hxg4 Ra1 45. Ke2 Kh6 46. c3 Ra2+ 47. Kd3 dxc3
48. Bxc3 Bxc3 49. Rxc3 e2 50. Rc1 Kg5 51. b4 Kxg4 52. b5 Rb2 53. b6 Kxf5 54. b7
Rxb7 55. Kxe2 Rb4 56. Kf3 Rb3+ 57. Kf2 g5 58. Rc4 Rd3 59. Kg2 Re3 60. Kf2 Re4
61. Rc6 Rd4 62. Kf3 Rd3+ 63. Ke2 Ra3 64. Kf2 Ke5 65. Rc5+ Kf4 66. Rc4+ Kf5 67.
Rc5+ Kg4 68. Rc4+ Kh5 69. Rc5 Rd3 70. Ra5 Kg4 71. Ra4+ Kf5 72. Ra5+ Ke4 73. Ke2
f5 74. Ra8 Rd4 75. Re8+ Kf4 76. Rg8 Ra4 77. Rb8 Ra2+ 78. Kf1 Kg4 79. Rb4+ f4 80.
Rc4 Kf3 81. Rc3+ Ke4 82. Rc4+ Kd3 83. Rb4 Rc2 84. Ra4 Rd2 85. Ke1 Rc2 86. Kf1
Rc4 87. Ra3+ Ke4 88. Kg2 Rc2+ 89. Kf1 g4 90. Ra4+ Ke3 91. Ra3+ Kd4 92. Ra4+ Rc4
93. Ra8 Ke4 94. Re8+ Kf3 95. Re1 Rc3 96. Rb1 g3 97. Kg1 Rc2 98. Rf1+ Kg4 99. Rb1
Kh3 100. Kf1 Rh2 101. Kg1 f3 102. Rb8 f2+ 0-1

[Event "Online Olym Top DivD 2020"]
[Site "chess.com INT"]
[Date "2020.08.22"]
[Round "4.1"]
[Board "4"]
[White "Demchenko, Svitlana"]
[Black "Linares Napoles, Oleiny"]
[Result "0-1"]
[WhiteTitle "WIM"]
[BlackTitle "WGM"]
[WhiteElo "2071"]
[BlackElo "2215"]
[WhiteTeam "Canada"]
[BlackTeam "Cuba"]
[WhiteFideId "14149893"]
[BlackFideId "3504794"]
[EventDate "2020.08.21"]
[EventType "team"]

1. e4 d6 2. d4 Nf6 3. Nc3 g6 4. f4 Bg7 5. Nf3 c5 6. Bb5+ Bd7 7. e5 Ng4 8. Bxd7+
Qxd7 9. d5 dxe5 10. h3 e4 11. hxg4 exf3 12. Qxf3 Na6 13. Bd2 O-O-O 14. O-O-O Nc7
15. Be1 f5 16. gxf5 Qxf5 17. Bf2 Bxc3 18. Qxc3 b6 19. Qa3 Rxd5 20. g3 Kb8 21. c4
Rxd1+ 22. Rxd1 Rc8 23. Qe3 Qe6 24. Qxe6 Nxe6 25. Re1 Rc6 26. g4 Kc8 27. Bh4 Nxf4
28. Rxe7 Rc7 29. Re8+ Kd7 30. Rd8+ Kc6 31. Kc2 Rf7 32. Rc8+ Kb7 33. Rd8 Ne6 34.
Rd3 Kc6 35. Kc3 Nd4 36. b4 Rf3 37. b5+ Kb7 38. Be1 Rf4 39. g5 Rg4 40. Bd2 a6 41.
a4 axb5 42. axb5 Kc8 43. Be3 Kc7 44. Rd1 Nf5 45. Bc1 Nd6 46. Kb3 Nxc4 47. Rh1
Nd6 48. Rxh7+ Kc8 49. Rg7 Nxb5 50. Rxg6 Kb7 51. Rg7+ Kc6 52. Rg8 Rg3+ 53. Kc2
Nd4+ 54. Kd1 Rg2 55. Be3 Nf5 56. Bf4 b5 57. g6 Ne7 58. Rf8 Nxg6 59. Rf6+ Kd5 60.
Bd2 b4 61. Rb6 Kc4 62. Kc1 Ne5 63. Re6 Nd3+ 64. Kd1 Kd5 65. Re3 c4 66. Rh3 Rg1+
67. Kc2 Rg2 68. Rh5+ Ne5 69. Kc1 c3 70. Bf4 Re2 71. Bxe5 Rxe5 72. Rh8 Kc4 0-1

[Event "Online Olym Top DivD 2020"]
[Site "chess.com INT"]
[Date "2020.08.22"]
[Round "4.2"]
[Board "1"]
[White "Banikas, Hristos"]
[Black "Cordova, Emilio"]
[Result "1/2-1/2"]
[WhiteTitle "GM"]
[BlackTitle "GM"]
[WhiteElo "2601"]
[BlackElo "2592"]
[WhiteTeam "Greece"]
[BlackTeam "Peru"]
[WhiteFideId "4202031"]
[BlackFideId "3801497"]
[EventDate "2020.08.21"]
[EventType "team"]

1. d4 Nf6 2. c4 e6 3. Nf3 Bb4+ 4. Bd2 c5 5. Bxb4 cxb4 6. a3 bxa3 7. Rxa3 O-O 8.
Nc3 d6 9. e4 Nc6 10. Be2 b6 11. O-O Bb7 12. d5 Nb4 13. Nd4 e5 14. Nf5 g6 15.
Nh6+ Kg7 16. Qd2 Qe7 17. Qg5 Bc8 18. h4 Nc2 19. Ra2 Nd4 20. Bd3 Qd8 21. f4 Nd7
22. Nf5+ Nxf5 23. exf5 Nc5 24. Bb1 Qxg5 25. hxg5 gxf5 26. fxe5 dxe5 27. Bxf5 a5
28. Bc2 Bd7 29. Raa1 Rac8 30. Rae1 Rfe8 31. Re3 e4 32. Bxe4 Re5 33. Ref3 Nxe4
34. Rxf7+ Kg6 35. Nxe4 Rxe4 36. Rxd7 Rcxc4 37. Rd6+ Kxg5 38. Rxb6 Re2 39. Rf8
Rc1+ 40. Kh2 Rcc2 41. Rg8+ Kf5 42. d6 Red2 43. Rb5+ Ke6 44. Rxa5 Rxb2 45. Rh5
Kxd6 46. Rxh7 Ke6 47. Rg3 Re2 48. Rg6+ Kf5 49. Rg8 Kf6 50. Rh3 Rf2 51. Rhg3 Kf7
52. R3g7+ Kf6 53. Rg4 Kf7 54. Kh3 Rb3+ 55. g3 Rf1 56. R4g7+ Kf6 57. Rg6+ Kf7 58.
R8g7+ Kf8 59. Rg8+ Kf7 60. R8g7+ Kf8 61. Rg8+ 1/2-1/2

[Event "Online Olym Top DivD 2020"]
[Site "chess.com INT"]
[Date "2020.08.22"]
[Round "4.2"]
[Board "2"]
[White "Cori, Jorge"]
[Black "Mastrovasilis, Dimitrios"]
[Result "1/2-1/2"]
[WhiteTitle "GM"]
[BlackTitle "GM"]
[WhiteElo "2652"]
[BlackElo "2604"]
[WhiteTeam "Peru"]
[BlackTeam "Greece"]
[WhiteFideId "3802272"]
[BlackFideId "4202694"]
[EventDate "2020.08.21"]
[EventType "team"]

1. d4 d5 2. c4 e6 3. e3 Nf6 4. Nf3 c5 5. Nc3 Nc6 6. cxd5 exd5 7. Be2 cxd4 8.
Nxd4 Bd6 9. O-O O-O 10. Bf3 Re8 11. Ndb5 Be5 12. Nxd5 Nxd5 13. Bxd5 Be6 14. e4
Nb4 15. Bxe6 Rxe6 16. Qb3 Qd3 17. Be3 Qxb3 18. axb3 Nc2 19. Rxa7 Rxa7 20. Bxa7
Ra6 21. Rd1 h5 22. g3 Bxb2 23. h4 Ra5 24. Rd8+ Kh7 25. Rd5 g6 26. Bb6 Ra1+ 27.
Kh2 Ne1 28. f4 Bc1 29. Nc3 Bb2 30. Na4 Ba3 31. Rd7 Ra2+ 32. Kg1 Nf3+ 33. Kf1 Bb4
34. Bf2 Nd2+ 35. Kg1 Nxe4 36. Rxf7+ Kg8 37. Rxb7 Bf8 38. Be3 Nxg3 39. Nc3 Ra1+
40. Kg2 Nf5 41. Bf2 Be7 42. Nd5 Bxh4 43. Bxh4 Nxh4+ 44. Kf2 Ra2+ 45. Ke3 Nf5+
46. Kd3 h4 47. Nf6+ Kf8 48. Rh7 Rb2 49. Kc3 Rf2 50. Nd5 Kg8 51. Nf6+ Kf8 52.
Nd7+ Kg8 53. Nf6+ Kf8 1/2-1/2